<?xml version="1.0" encoding="UTF-8"?>
<record
    xmlns:xsi="http://www.w3.org/2001/XMLSchema-instance"
    xsi:schemaLocation="http://www.loc.gov/MARC21/slim http://www.loc.gov/standards/marcxml/schema/MARC21slim.xsd"
    xmlns="http://www.loc.gov/MARC21/slim">

  <leader>01452nam a22002777a 4500</leader>
  <controlfield tag="005">20100930112516.0</controlfield>
  <controlfield tag="008">100928t        xxu||||| |||| 00| 0 hin d</controlfield>
  <datafield tag="010" ind1=" " ind2=" ">
    <subfield code="a">HIN-89558</subfield>
  </datafield>
  <datafield tag="020" ind1=" " ind2=" ">
    <subfield code="c">400.00</subfield>
    <subfield code="a">9789380327341</subfield>
  </datafield>
  <datafield tag="035" ind1=" " ind2=" ">
    <subfield code="a">HN-61904</subfield>
  </datafield>
  <datafield tag="037" ind1=" " ind2=" ">
    <subfield code="b">DBAD / PUB</subfield>
  </datafield>
  <datafield tag="040" ind1=" " ind2=" ">
    <subfield code="a">DPL</subfield>
    <subfield code="b">HN</subfield>
  </datafield>
  <datafield tag="082" ind1=" " ind2=" ">
    <subfield code="a">920</subfield>
  </datafield>
  <datafield tag="100" ind1=" " ind2=" ">
    <subfield code="9">22145</subfield>
    <subfield code="a">&#x917;&#x94B;&#x90F;&#x925;&#x947;, &#x91C;&#x949;&#x928; &#x935;&#x94B;&#x932;&#x94D;&#x92B; &#x917;&#x948;&#x902;&#x917; </subfield>
  </datafield>
  <datafield tag="245" ind1=" " ind2=" ">
    <subfield code="a">&#x92E;&#x947;&#x930;&#x940; &#x91C;&#x93F;&#x928;&#x94D;&#x926;&#x917;&#x940; &#x915;&#x947; &#x938;&#x94D;&#x935;&#x92A;&#x94D;&#x928; &#x914;&#x930; &#x938;&#x924;&#x94D;&#x92F;:</subfield>
    <subfield code="c">&#x91C;&#x949;&#x928; &#x935;&#x94B;&#x932;&#x94D;&#x92B; &#x917;&#x948;&#x902;&#x917; &#x917;&#x94B;&#x90F;&#x925;&#x947;; &#x928;&#x935;&#x94B;&#x926;&#x93F;&#x924;&#x93E; &#x936;&#x930;&#x94D;&#x92E;&#x93E; &#x926;&#x94D;&#x935;&#x93E;&#x930;&#x93E; &#x905;&#x928;&#x941;&#x935;&#x93E;&#x926;&#x93F;&#x924;</subfield>
    <subfield code="b">&#x91C;&#x949;&#x928; &#x935;&#x94B;&#x932;&#x94D;&#x92B; &#x917;&#x948;&#x902;&#x917; &#x917;&#x94B;&#x90F;&#x925;&#x947; &#x915;&#x940; &#x935;&#x93F;&#x916;&#x94D;&#x92F;&#x93E;&#x924; &#x906;&#x924;&#x94D;&#x92E;&#x915;&#x925;&#x93E; /</subfield>
  </datafield>
  <datafield tag="246" ind1=" " ind2=" ">
    <subfield code="a">Meri jindagi ke swapna or satya</subfield>
    <subfield code="b">by Johann Wolfgang Von Goethe; Translated by Navodita Sharma</subfield>
  </datafield>
  <datafield tag="260" ind1=" " ind2=" ">
    <subfield code="a">&#x92E;&#x947;&#x930;&#x920; (&#x909;.&#x92A;&#x94D;&#x930;.)</subfield>
    <subfield code="b">&#x938;&#x902;&#x935;&#x93E;&#x926; &#x92A;&#x94D;&#x930;&#x915;&#x93E;&#x936;&#x928;</subfield>
    <subfield code="c">2009</subfield>
  </datafield>
  <datafield tag="270" ind1=" " ind2=" ">
    <subfield code="a">&#x906;&#x908;-499, &#x936;&#x93E;&#x938;&#x94D;&#x924;&#x94D;&#x930;&#x940;&#x928;&#x917;&#x930;</subfield>
    <subfield code="b">&#x92E;&#x947;&#x930;&#x920; (&#x909;.&#x92A;&#x94D;&#x930;.)</subfield>
    <subfield code="e">250004</subfield>
  </datafield>
  <datafield tag="300" ind1=" " ind2=" ">
    <subfield code="a">238&#x92A;&#x943;.</subfield>
    <subfield code="c">22&#x938;&#x947;&#x92E;&#x940; (&#x938;&#x91C;&#x93F;&#x932;&#x94D;&#x926;)</subfield>
  </datafield>
  <datafield tag="650" ind1=" " ind2=" ">
    <subfield code="9">1169</subfield>
    <subfield code="a">&#x91C;&#x940;&#x935;&#x928;&#x940;</subfield>
  </datafield>
  <datafield tag="650" ind1=" " ind2=" ">
    <subfield code="9">22409</subfield>
    <subfield code="a">Biography</subfield>
  </datafield>
  <datafield tag="700" ind1=" " ind2=" ">
    <subfield code="9">22273</subfield>
    <subfield code="a">&#x936;&#x930;&#x94D;&#x92E;&#x93E;, &#x928;&#x935;&#x94B;&#x926;&#x93F;&#x924;&#x93E;</subfield>
  </datafield>
  <datafield tag="700" ind1=" " ind2=" ">
    <subfield code="9">22352</subfield>
  </datafield>
  <datafield tag="942" ind1=" " ind2=" ">
    <subfield code="2">ddc</subfield>
    <subfield code="c">HN</subfield>
    <subfield code="h">920</subfield>
    <subfield code="m">&#x917;&#x94B;&#x90F;&#x925;&#x947;</subfield>
  </datafield>
  <datafield tag="999" ind1=" " ind2=" ">
    <subfield code="c">48034</subfield>
    <subfield code="d">48034</subfield>
  </datafield>
  <datafield tag="952" ind1=" " ind2=" ">
    <subfield code="0">0</subfield>
    <subfield code="1">0</subfield>
    <subfield code="2">ddc</subfield>
    <subfield code="4">0</subfield>
    <subfield code="7">1</subfield>
    <subfield code="8">NFIC</subfield>
    <subfield code="a">DBAD</subfield>
    <subfield code="b">DBAD</subfield>
    <subfield code="d">2010-09-30</subfield>
    <subfield code="e">DBAD / PUB</subfield>
    <subfield code="g">400.00</subfield>
    <subfield code="l">0</subfield>
    <subfield code="o">920 &#x917;&#x94B;&#x90F;&#x925;&#x947;</subfield>
    <subfield code="p">HN-61904</subfield>
    <subfield code="r">2010-09-30 00:00:00</subfield>
    <subfield code="t">1</subfield>
    <subfield code="v">400.00</subfield>
    <subfield code="w">2010-09-30</subfield>
    <subfield code="y">HN</subfield>
  </datafield>
</record>
